De la responsabilidad extracontractual
Tallennettuna:
| Päätekijä: | |
|---|---|
| Aineistotyyppi: | Kirja |
| Kieli: | espanja |
| Julkaistu: |
Santiago
Legal Publishing
2008
|
| Painos: | 4a. ed |
| Sarja: | Monografías
|
| Aiheet: | |
| Tagit: |
Lisää tagi
Ei tageja, Lisää ensimmäinen tagi!
|
MARC
| LEADER | 00000nam a2200000 a 4500 | ||
|---|---|---|---|
| 001 | UCI7786 | ||
| 003 | CL-VaPUC | ||
| 008 | 080725e20080000CL |||||||||||||||||spa|d | ||
| 020 | |a 9789562387729 | ||
| 082 | 0 | 4 | |a 346.8302 |b RAM |2 21 |
| 100 | |a Ramos Pazos, René |e autor |9 297777 | ||
| 245 | 1 | 0 | |a De la responsabilidad extracontractual |
| 250 | |a 4a. ed | ||
| 300 | |a 153 p | ||
| 942 | |c BK | ||
| 945 | |d 20080725 00:00:00 |a rbrito | ||
| 260 | |a Santiago |b Legal Publishing |c 2008 | ||
| 650 | 0 | |a Responsabilidad extracontractual |9 336742 | |
| 650 | 7 | |a RESPONSABILIDAD CIVIL |2 CL-VaPUC |9 531071 | |
| 650 | 0 | |a Responsabilidad penal |9 254899 | |
| 650 | 0 | |a Responsabilidad del estado |9 258115 | |
| 583 | |a last modification |c 20080725 00:00:00 |k Rodrigo Vera | ||
| 490 | 0 | |a Monografías | |
| 999 | |c 330933 |d 330931 | ||
| 952 | |0 0 |1 0 |4 0 |6 346_830200000000000_RAM_2008 |7 0 |8 A |9 416879 |a BIBDER |b BIBDER |d 2019-11-22 |i 4464443 |l 4 |o 346.8302 RAM 2008 |p 4464443 |r 2025-03-24 |s 2025-03-24 |w 2019-11-22 |y BK |k DER | ||
| 952 | |0 0 |1 0 |4 0 |6 346_830200000000000_RAM_2008 |7 0 |8 A |9 416880 |a BIBDER |b BIBDER |d 2019-11-22 |i 4464451 |o 346.8302 RAM 2008 |p 4464451 |r 2023-01-25 |w 2019-11-22 |y BK |k DER | ||
| 952 | |0 0 |1 0 |4 0 |6 346_830200000000000_RAM_2008 |7 0 |8 A |9 416881 |a BIBDER |b BIBDER |d 2019-11-22 |i 4471210 |l 4 |m 1 |o 346.8302 RAM 2008 |p 4471210 |r 2024-12-20 |s 2024-12-20 |w 2019-11-22 |y BK |k DER | ||
| 952 | |0 0 |1 0 |4 0 |6 346_830200000000000_RAM_2008 |7 0 |8 A |9 416882 |a BIBDER |b BIBDER |d 2019-11-22 |i 4471229 |o 346.8302 RAM 2008 |p 4471229 |r 2023-01-25 |w 2019-11-22 |y BK |k DER | ||
| 952 | |0 0 |1 0 |4 0 |6 346_830200000000000_RAM_2008 |7 0 |8 A |9 416883 |a BIBDER |b BIBDER |d 2019-11-22 |i 4471237 |l 1 |o 346.8302 RAM 2008 |p 4471237 |r 2023-05-24 |s 2023-05-24 |w 2019-11-22 |y BK |k DER | ||